<?xml version="1.0" encoding="UTF-8"?>
<record
    xmlns:xsi="http://www.w3.org/2001/XMLSchema-instance"
    xsi:schemaLocation="http://www.loc.gov/MARC21/slim http://www.loc.gov/standards/marcxml/schema/MARC21slim.xsd"
    xmlns="http://www.loc.gov/MARC21/slim">

  <leader>01666nam a22001697a 4500</leader>
  <controlfield tag="008">121204t        xxu||||| |||| 00| 0 eng d</controlfield>
  <datafield tag="020" ind1=" " ind2=" ">
    <subfield code="a">087975446x</subfield>
  </datafield>
  <datafield tag="050" ind1=" " ind2=" ">
    <subfield code="a">HX39.5.A224</subfield>
  </datafield>
  <datafield tag="100" ind1=" " ind2=" ">
    <subfield code="a">Marx, Karl</subfield>
  </datafield>
  <datafield tag="245" ind1=" " ind2=" ">
    <subfield code="a">Economic and philosophic manuscripts of 1844 /</subfield>
    <subfield code="c">Karl Marx, Frederick Engels and translated by Martin Milligan</subfield>
  </datafield>
  <datafield tag="260" ind1=" " ind2=" ">
    <subfield code="a">New York:</subfield>
    <subfield code="b">Prometheus Books,</subfield>
    <subfield code="c">c1998.</subfield>
  </datafield>
  <datafield tag="300" ind1=" " ind2=" ">
    <subfield code="a">243p.</subfield>
    <subfield code="c">21cm.</subfield>
  </datafield>
  <datafield tag="505" ind1=" " ind2=" ">
    <subfield code="a">Contents: Translator's note on terminology -- Economic and philosophic manuscripts of 1844 by Karl Marx -- Wages of labor -- Profit of capital: Capital -- The Profit of capital -- The Rule of capital over labor and the motives of the capitalist -- The Accumulation of capitals and the competition among the capitalists -- Rent of land -- (Estranged labor) -- (Antithesis of capital and labor. Landed property and capital) -- (Private property and labor views of the mercantile system and physiocracy, Adam Smith, Ricardo and his school) -- (Private property and communism. Various stages of development of communist views. Crude, equalitarian communism and communism as socialism coinciding with humaneness) -- (The Meaning of human requirements where there is private property and under socialism. The Difference between extravagant wealth and industrial wealth. Division of labor in bourgeois society) -- (The Power of money in bourgeois society) -- (Critique of the Hengelian dialectic and philosophy as a whole) -- Appendix: outlines of a critique of political economy by Frederick Engels -- Manifesto of communist party by Karl Marx and Frederick Engels.</subfield>
  </datafield>
  <datafield tag="650" ind1=" " ind2=" ">
    <subfield code="b">Marxian economics.</subfield>
  </datafield>
  <datafield tag="700" ind1=" " ind2=" ">
    <subfield code="a">Engels, Frederick</subfield>
  </datafield>
  <datafield tag="942" ind1=" " ind2=" ">
    <subfield code="2">lcc</subfield>
    <subfield code="c">BK</subfield>
  </datafield>
  <datafield tag="999" ind1=" " ind2=" ">
    <subfield code="c">2624</subfield>
    <subfield code="d">10124</subfield>
  </datafield>
  <datafield tag="952" ind1=" " ind2=" ">
    <subfield code="0">0</subfield>
    <subfield code="1">0</subfield>
    <subfield code="2">lcc</subfield>
    <subfield code="4">0</subfield>
    <subfield code="7">0</subfield>
    <subfield code="a">WIUC-1</subfield>
    <subfield code="b">WIUC-1</subfield>
    <subfield code="c">AEC</subfield>
    <subfield code="d">2012-12-04</subfield>
    <subfield code="l">0</subfield>
    <subfield code="o">HX39.5.A224</subfield>
    <subfield code="p">6859/12</subfield>
    <subfield code="r">2012-12-04 00:00:00</subfield>
    <subfield code="t">1</subfield>
    <subfield code="w">2012-12-04</subfield>
    <subfield code="y">BK</subfield>
  </datafield>
  <datafield tag="952" ind1=" " ind2=" ">
    <subfield code="0">0</subfield>
    <subfield code="1">0</subfield>
    <subfield code="2">lcc</subfield>
    <subfield code="4">0</subfield>
    <subfield code="7">0</subfield>
    <subfield code="a">WIUC-1</subfield>
    <subfield code="b">WIUC-1</subfield>
    <subfield code="c">AEC</subfield>
    <subfield code="d">2012-12-04</subfield>
    <subfield code="l">0</subfield>
    <subfield code="o">HX39.5.A2241</subfield>
    <subfield code="p">6860/12</subfield>
    <subfield code="r">2012-12-04 00:00:00</subfield>
    <subfield code="t">2</subfield>
    <subfield code="w">2012-12-04</subfield>
    <subfield code="y">BK</subfield>
  </datafield>
  <datafield tag="952" ind1=" " ind2=" ">
    <subfield code="0">0</subfield>
    <subfield code="1">0</subfield>
    <subfield code="2">lcc</subfield>
    <subfield code="4">0</subfield>
    <subfield code="7">0</subfield>
    <subfield code="a">WIUC-1</subfield>
    <subfield code="b">WIUC-1</subfield>
    <subfield code="c">AEC</subfield>
    <subfield code="d">2012-12-04</subfield>
    <subfield code="l">0</subfield>
    <subfield code="o">HX39.5.A2242</subfield>
    <subfield code="p">6861/12</subfield>
    <subfield code="r">2012-12-04 00:00:00</subfield>
    <subfield code="t">3</subfield>
    <subfield code="w">2012-12-04</subfield>
    <subfield code="y">BK</subfield>
  </datafield>
  <datafield tag="952" ind1=" " ind2=" ">
    <subfield code="0">0</subfield>
    <subfield code="1">0</subfield>
    <subfield code="2">lcc</subfield>
    <subfield code="4">0</subfield>
    <subfield code="7">0</subfield>
    <subfield code="a">WIUC-1</subfield>
    <subfield code="b">WIUC-1</subfield>
    <subfield code="c">AEC</subfield>
    <subfield code="d">2012-12-04</subfield>
    <subfield code="l">0</subfield>
    <subfield code="o">HX39.5.A2243</subfield>
    <subfield code="p">6862/12</subfield>
    <subfield code="r">2012-12-04 00:00:00</subfield>
    <subfield code="t">4</subfield>
    <subfield code="w">2012-12-04</subfield>
    <subfield code="y">BK</subfield>
  </datafield>
</record>
